Statistics for Large US Cities with Most Hurricanes

Click here to take the quiz!

General Stats

  • This quiz has been taken 765 times
  • The average score is 8 of 11

Answer Stats

#city% Correct
22Miami
98%
7New Orleans
93%
14Houston
89%
10Tampa
87%
6Jacksonville
80%
3New York
78%
14Orlando
78%
3Boston
63%
4Virginia Beach
42%
3Providence
28%
4Hartford
21%

Score Distribution

Percentile by Number Answered

Percent of People with Each Score

Your Score History

You have not taken this quiz